Droit privé et droit économique de l’environnement (notice n° 1617143)
[ vue normale ]
| 000 -LEADER | |
|---|---|
| fixed length control field | 04249cam a2200601 4500500 |
| 005 - DATE AND TIME OF LATEST TRANSACTION | |
| control field | 20260111082234.0 |
| 041 ## - LANGUAGE CODE | |
| Language code of text/sound track or separate title | fre |
| 042 ## - AUTHENTICATION CODE | |
| Authentication code | dc |
| 100 10 - MAIN ENTRY--PERSONAL NAME | |
| Personal name | Doussan, Isabelle |
| Relator term | author |
| 245 00 - TITLE STATEMENT | |
| Title | Droit privé et droit économique de l’environnement |
| 260 ## - PUBLICATION, DISTRIBUTION, ETC. | |
| Date of publication, distribution, etc. | 2020.<br/> |
| 500 ## - GENERAL NOTE | |
| General note | 17 |
| 520 ## - SUMMARY, ETC. | |
| Summary, etc. | L’actualité de ces dix-huit derniers mois montre tout l’intérêt d’une veille dans les matières qui composent cette rubrique. Si le jeune Code de la commande publique n’est pas encore à la hauteur des attentes en matière de développement durable, le droit de la concurrence lui évolue vers plus de fermeté pour sanctionner les pratiques anticoncurrentielles qui portent atteinte à l’environnement. Les enjeux sociaux et environnementaux pénètrent le droit des sociétés en attendant la concrétisation des données comptables de la RSE. En droit social, le préjudice d’anxiété s’ouvre davantage aux victimes dans les affaires d’amiante. En revanche, les personnes électrosensibles peinent à faire reconnaître les risques pour leur santé. Le droit des entreprises en difficulté s’adapte progressivement aux obligations environnementales tandis que le voile de la société mère se déchire sous la poussée de l’obligation de vigilance. Face à ces avancées, le diagnostic de performance énergétique ne révèle pas tout son potentiel et le droit des troubles anormaux de voisinage continue ses atermoiements. Enfin, des développements sur le climat rendent compte des nouveaux enjeux économiques. |
| 520 ## - SUMMARY, ETC. | |
| Summary, etc. | The news of these last eighteen months shows the interest of a watch in the subjects that make up this section. Although the young Public Procurement Code is not yet up to the expectations in terms of sustainable development, competition law is moving towards a firmer stance to punish anti-competitive practices that harm the environment. Social and environmental issues are penetrating corporate law pending the concretisation of CSR accounting data. In social law, the prejudice of anxiety is more open to victims in asbestos cases. On the other hand, electrosensitive people are struggling to have the risks to their health recognised. The law on companies in difficulty is gradually adapting to environmental obligations, while the veil of the parent company is being torn by the obligation of vigilance. Faced with these advances, the energy performance diagnosis does not reveal its full potential and the law on abnormal neighbourhood disturbances continues to procrastinate. Finally, developments on climate change reflect the new economic stakes. |
| 690 ## - LOCAL SUBJECT ADDED ENTRY--TOPICAL TERM (OCLC, RLIN) | |
| Topical term or geographic name as entry element | commerce international |
| 690 ## - LOCAL SUBJECT ADDED ENTRY--TOPICAL TERM (OCLC, RLIN) | |
| Topical term or geographic name as entry element | droit de la concurrence |
| 690 ## - LOCAL SUBJECT ADDED ENTRY--TOPICAL TERM (OCLC, RLIN) | |
| Topical term or geographic name as entry element | droit des biens |
| 690 ## - LOCAL SUBJECT ADDED ENTRY--TOPICAL TERM (OCLC, RLIN) | |
| Topical term or geographic name as entry element | droit des contrats |
| 690 ## - LOCAL SUBJECT ADDED ENTRY--TOPICAL TERM (OCLC, RLIN) | |
| Topical term or geographic name as entry element | droit des sociétés |
| 690 ## - LOCAL SUBJECT ADDED ENTRY--TOPICAL TERM (OCLC, RLIN) | |
| Topical term or geographic name as entry element | droit du travail |
| 690 ## - LOCAL SUBJECT ADDED ENTRY--TOPICAL TERM (OCLC, RLIN) | |
| Topical term or geographic name as entry element | droit économique |
| 690 ## - LOCAL SUBJECT ADDED ENTRY--TOPICAL TERM (OCLC, RLIN) | |
| Topical term or geographic name as entry element | financements publics |
| 690 ## - LOCAL SUBJECT ADDED ENTRY--TOPICAL TERM (OCLC, RLIN) | |
| Topical term or geographic name as entry element | marchés publics |
| 690 ## - LOCAL SUBJECT ADDED ENTRY--TOPICAL TERM (OCLC, RLIN) | |
| Topical term or geographic name as entry element | responsabilité civile |
| 690 ## - LOCAL SUBJECT ADDED ENTRY--TOPICAL TERM (OCLC, RLIN) | |
| Topical term or geographic name as entry element | responsabilité sociale des entreprises |
| 690 ## - LOCAL SUBJECT ADDED ENTRY--TOPICAL TERM (OCLC, RLIN) | |
| Topical term or geographic name as entry element | competition law |
| 690 ## - LOCAL SUBJECT ADDED ENTRY--TOPICAL TERM (OCLC, RLIN) | |
| Topical term or geographic name as entry element | corporate law |
| 690 ## - LOCAL SUBJECT ADDED ENTRY--TOPICAL TERM (OCLC, RLIN) | |
| Topical term or geographic name as entry element | corporate social responsibility |
| 690 ## - LOCAL SUBJECT ADDED ENTRY--TOPICAL TERM (OCLC, RLIN) | |
| Topical term or geographic name as entry element | economic right |
| 690 ## - LOCAL SUBJECT ADDED ENTRY--TOPICAL TERM (OCLC, RLIN) | |
| Topical term or geographic name as entry element | international business |
| 690 ## - LOCAL SUBJECT ADDED ENTRY--TOPICAL TERM (OCLC, RLIN) | |
| Topical term or geographic name as entry element | labour law |
| 690 ## - LOCAL SUBJECT ADDED ENTRY--TOPICAL TERM (OCLC, RLIN) | |
| Topical term or geographic name as entry element | property law |
| 690 ## - LOCAL SUBJECT ADDED ENTRY--TOPICAL TERM (OCLC, RLIN) | |
| Topical term or geographic name as entry element | public finances |
| 690 ## - LOCAL SUBJECT ADDED ENTRY--TOPICAL TERM (OCLC, RLIN) | |
| Topical term or geographic name as entry element | public market |
| 700 10 - ADDED ENTRY--PERSONAL NAME | |
| Personal name | Steichen, Pascale |
| Relator term | author |
| 700 10 - ADDED ENTRY--PERSONAL NAME | |
| Personal name | Bardy, Jennifer |
| Relator term | author |
| 700 10 - ADDED ENTRY--PERSONAL NAME | |
| Personal name | Borderon-Carrez, Séverine |
| Relator term | author |
| 700 10 - ADDED ENTRY--PERSONAL NAME | |
| Personal name | Giorgini, Giulio Cesare |
| Relator term | author |
| 700 10 - ADDED ENTRY--PERSONAL NAME | |
| Personal name | Ilcheva, Ana-Maria |
| Relator term | author |
| 700 10 - ADDED ENTRY--PERSONAL NAME | |
| Personal name | Ilchev, Konstantin |
| Relator term | author |
| 700 10 - ADDED ENTRY--PERSONAL NAME | |
| Personal name | Lagelle, Anaïs |
| Relator term | author |
| 700 10 - ADDED ENTRY--PERSONAL NAME | |
| Personal name | Leray, Grégoire |
| Relator term | author |
| 700 10 - ADDED ENTRY--PERSONAL NAME | |
| Personal name | Mothere, Lucrezia |
| Relator term | author |
| 700 10 - ADDED ENTRY--PERSONAL NAME | |
| Personal name | Mekki, Mustapha |
| Relator term | author |
| 700 10 - ADDED ENTRY--PERSONAL NAME | |
| Personal name | Parachkevova-Racine, Irina |
| Relator term | author |
| 700 10 - ADDED ENTRY--PERSONAL NAME | |
| Personal name | Reis, Patrice |
| Relator term | author |
| 700 10 - ADDED ENTRY--PERSONAL NAME | |
| Personal name | Ronet-Yague, Delphine |
| Relator term | author |
| 700 10 - ADDED ENTRY--PERSONAL NAME | |
| Personal name | Vanuls, Caroline |
| Relator term | author |
| 700 10 - ADDED ENTRY--PERSONAL NAME | |
| Personal name | Vanuxem, Sarah |
| Relator term | author |
| 700 10 - ADDED ENTRY--PERSONAL NAME | |
| Personal name | Ben Youssef, Adel |
| Relator term | author |
| 786 0# - DATA SOURCE ENTRY | |
| Note | Revue juridique de l’environnement | Volume 45 | 2 | 2020-06-26 | p. 359-379 | 0397-0299 |
| 856 41 - ELECTRONIC LOCATION AND ACCESS | |
| Uniform Resource Identifier | <a href="https://droit.cairn.info/revue-juridique-de-l-environnement-2020-2-page-359?lang=fr&redirect-ssocas=7080">https://droit.cairn.info/revue-juridique-de-l-environnement-2020-2-page-359?lang=fr&redirect-ssocas=7080</a> |
Pas d'exemplaire disponible.




Réseaux sociaux